Cartoon Princes & Princesses - Statistics

General Stats
  • This quiz has been taken 80 times
    77 since last reset
  • The average score is 14 of 16
Answer Stats
Picture Answer % Correct
Mulan
100%
Belle
98%
Cinderella
98%
Ariel
96%
Elsa
96%
Jasmin
96%
Pocahontas
96%
Rapunzel
95%
Snow White
95%
Aladdin
91%
Aurora
91%
Prince Adam
77%
Prince Charming
77%
Prince Eric
75%
Prince Florian
66%
John Smith
64%
No matching quizzes found
Score Distribution
Percent of People with Each Score
Percentile by Number Answered
Your Score History
You have not taken this quiz since the last reset